000 00411nam a22001457a 4500
999 _c3720
_d3720
008 200626b ||||| |||| 00| 0 eng d
082 0 0 _a604.2
_bB5755
100 _91437
_aBhatt, N. D.
245 1 0 _aGeometrical and machine drawing: a text book for diploma students /
_cby N. D. Bhatt
250 _a9th ed.
260 _aAnand
_bCharotar
_c[n.d.]
300 _a268 p.
650 0 _aMechanical Drawing
942 _cBK